[Event "Memorial Tal"]
[Site "Sochi"]
[Date "13.11.2014"]
[Round "2"]
[White "Gelfand,B"]
[Black "Tomashevsky,E"]
[Result "1-0"]
[WhiteElo "2759"]
[BlackElo "2714"]
[EventDate "2014.11.13"]

1. d4 Nf6 2. c4 e6 3. Nf3 Bb4+ 4. Nbd2 b6 5. a3 Bxd2+ 6. Qxd2 Bb7 7. e3 O-O
8. Be2 d6 9. O-O Nbd7 10. b4 Ne4 11. Qc2 f5 12. d5 e5 13. Nd2 Nxd2 14. Bxd2
Qh4 15. f4 Rae8 16. Bd3 e4 17. Be2 Nf6 18. Be1 Qh6 19. Bc3 Re7 20. h3 Qg6
21. Kh2 Bc8 22. a4 Qh6 23. Bd4 g5 24. fxg5 Qxg5 25. Rf4 Rg7 26. Rg1 Qg3+
27. Kh1 Rg6 28. Bd1 Ng4 29. Bxg4 Rxg4 30. Rxg4+ fxg4 31. Qxe4 Qh4 32. Bc3
Bf5 33. Qd4 Qe7 34. Rf1 Qe5 35. Qxe5 dxe5 36. Bxe5 gxh3 37. Rf4 hxg2+ 38.
Kxg2 Bd3 39. Rg4+ Kf7 40. Rg7+ Ke8 41. Rxc7 Be4+ 42. Kg1 Rg8+ 43. Kf1 Rg2
44. d6 1-0

[Event "Memorial Tal"]
[Site "Sochi"]
[Date "13.11.2014"]
[Round "2"]
[White "Inarkiev,E"]
[Black "Morozevich,A"]
[Result "0-1"]
[WhiteElo "2688"]
[BlackElo "2724"]
[EventDate "2014.11.13"]

1. d4 d5 2. c4 c6 3. Nf3 Nf6 4. e3 a6 5. Bd2 e6 6. Nc3 Nbd7 7. Qc2 dxc4 8.
a4 c5 9. Bxc4 b6 10. Qb3 Bd6 11. O-O Bb7 12. d5 exd5 13. Nxd5 O-O 14. Bc3
Ne4 15. Rad1 Bc6 16. Nd2 Nxc3 17. Nxc3 Qc7 18. g3 Nf6 19. Nd5 Nxd5 20. Bxd5
Rad8 21. Ne4 Be5 22. Nc3 Bxc3 23. Bxc6 Qxc6 24. bxc3 g6 25. c4 h5 26. h4
Qe6 27. Rd3 Rxd3 28. Qxd3 Qc6 29. Ra1 Rb8 30. e4 Qe8 31. a5 b5 32. cxb5
Qxb5 33. Qd6 Re8 34. e5 c4 35. Rc1 Qxe5 36. Qxe5 Rxe5 37. Rxc4 Rxa5 38. Rc7
Ra2 39. Ra7 Kg7 40. Kg2 Kf6 41. Kf3 a5 42. Ke3 a4 43. f3 a3 44. Kf4 Ra1 45.
Ra6+ Ke7 46. Ra7+ Ke6 47. Ra6+ Kd5 48. Kg5 Kc4 49. Kf6 Kb4 50. Rb6+ Ka5 51.
Rb8 Rg1 52. Ra8+ Kb4 53. Kxf7 Rxg3 54. Kf6 Kb3 55. Rb8+ Kc2 56. Rc8+ Kb2
57. Rb8+ Ka1 58. Ra8 a2 59. Rb8 Rg2 60. Rb7 Rb2 61. Ra7 Rb6+ 62. Kg5 Kb2
63. f4 a1=Q 64. Rxa1 Kxa1 0-1

[Event "Memorial Tal"]
[Site "Sochi"]
[Date "13.11.2014"]
[Round "3"]
[White "Morozevich,A"]
[Black "Nepomniachtchi,I"]
[Result "1-0"]
[WhiteElo "2724"]
[BlackElo "2714"]
[EventDate "2014.11.13"]

1. e4 c5 2. Nf3 d6 3. d4 Nf6 4. Nc3 cxd4 5. Nxd4 a6 6. Be3 e5 7. Nb3 Be6 8.
Qd2 Be7 9. O-O-O Nbd7 10. Kb1 b5 11. f4 Qc7 12. f5 Bc4 13. g4 h6 14. Rg1
Rc8 15. a3 Bxf1 16. Rdxf1 Qb7 17. Qd3 b4 18. axb4 Qxb4 19. Bd2 Qc4 20. h4
d5 21. exd5 Qxd3 22. cxd3 Bb4 23. Ne4 Rb8 24. Nxf6+ gxf6 25. Rc1 Ke7 26.
Rc6 Bd6 27. Na5 Rb5 28. Nc4 Bb8 29. d6+ Kf8 30. g5 hxg5 31. hxg5 Kg7 32.
Rxa6 Nc5 33. Ra8 Nxd3 34. d7 Rd5 35. gxf6+ Kxf6 36. Bg5+ Kxf5 37. Ne3+ Ke6
38. Nxd5 Kxd5 39. d8=Q Rxd8 40. Bxd8 Bd6 41. Rf1 e4 42. Rxf7 e3 43. Bh4 e2
44. Re8 Be5 45. Rd7+ 1-0

[Event "Memorial Tal"]
[Site "Sochi"]
[Date "13.11.2014"]
[Round "4"]
[White "Leko,P"]
[Black "Tomashevsky,E"]
[Result "1/2-1/2"]
[WhiteElo "2731"]
[BlackElo "2714"]
[EventDate "2014.11.13"]

1. e4 e5 2. Nf3 Nc6 3. Bb5 a6 4. Ba4 Nf6 5. O-O Be7 6. d3 b5 7. Bb3 d6 8.
a4 Bd7 9. c3 O-O 10. Bc2 b4 11. Nbd2 Rb8 12. Re1 d5 13. a5 Bd6 14. h3 h6
15. exd5 Nxd5 16. Ne4 bxc3 17. bxc3 Re8 18. Bb3 Be6 19. Bc4 Ra8 20. Bd2 Nf6
21. Qa4 Bxc4 22. Qxc4 Nxe4 23. Rxe4 Qd7 24. d4 exd4 25. Rxe8+ Qxe8 26. cxd4
Ne7 27. Rb1 Qc6 28. Qxc6 Nxc6 29. Kf1 Re8 30. Rb7 Re4 31. Bc3 Bf4 32. d5
Ne7 33. Ra7 Nxd5 34. Be1 Re6 35. g3 Bg5 36. Nd4 Rd6 37. Nf5 Rc6 38. Nd4 Rc4
39. Nf3 Rc6 40. Nd4 Rc4 41. Nf3 Rc6 42. Nd4 1/2-1/2

[Event "Memorial Tal"]
[Site "Sochi"]
[Date "13.11.2014"]
[Round "5"]
[White "Tomashevsky,E"]
[Black "Inarkiev,E"]
[Result "1-0"]
[WhiteElo "2714"]
[BlackElo "2688"]
[EventDate "2014.11.13"]

1. c4 g6 2. e4 Bg7 3. d4 d6 4. Nc3 Nc6 5. Be3 e5 6. d5 Nce7 7. Bd3 f5 8. f3
h5 9. Nge2 Bh6 10. Qd2 Bxe3 11. Qxe3 f4 12. Qf2 g5 13. g3 Ng6 14. O-O-O Bd7
15. Rdg1 Qf6 16. h4 N8e7 17. hxg5 Qxg5 18. Kb1 fxg3 19. Rxg3 Qf6 20. c5 a6
21. Rg2 Kf7 22. Qe3 Raf8 23. Rf2 Nf4 24. cxd6 cxd6 25. Nxf4 exf4 26. Qb6
Bc8 27. e5 Qxe5 28. Re2 Qf6 29. Ne4 Nxd5 30. Qb3 Qd4 31. Bc4 Be6 32. Ng5+
1-0

[Event "Memorial Tal"]
[Site "Sochi"]
[Date "13.11.2014"]
[Round "6"]
[White "Nepomniachtchi,I"]
[Black "Tomashevsky,E"]
[Result "0-1"]
[WhiteElo "2714"]
[BlackElo "2714"]
[EventDate "2014.11.13"]

1. b3 d5 2. Bb2 Bf5 3. e3 e6 4. f4 Nf6 5. Be2 Be7 6. Nf3 c5 7. O-O O-O 8.
h3 Nc6 9. d3 Bg6 10. g4 Nd7 11. Nbd2 f5 12. g5 e5 13. h4 d4 14. fxe5 dxe3
15. Nc4 f4 16. e6 Nb6 17. Nce5 Bf5 18. Nxc6 bxc6 19. Ne5 Bxe6 20. Bg4 Qd6
21. Qf3 Rae8 22. Rae1 Bd8 23. Bxe6+ Qxe6 24. Re2 Bc7 25. Ng4 Nd7 26. Rg2
Be5 27. c3 Qd5 28. d4 Qxf3 29. Rxf3 cxd4 30. cxd4 e2 31. Rxe2 Bxd4+ 32.
Ref2 Bxf2+ 33. Kxf2 Nc5 34. Be5 Rf5 35. Bc7 Re7 36. Bb8 a5 37. Kf1 Ne4 38.
Kg2 Nd2 39. Rd3 Re2+ 40. Kh3 Rd5 41. Rxd5 cxd5 42. Bxf4 Ne4 43. a3 Nf2+ 44.
Nxf2 Rxf2 45. Kg4 Rb2 46. b4 axb4 47. axb4 Rxb4 48. Kf5 Re4 49. h5 g6+ 0-1

[Event "Memorial Tal"]
[Site "Sochi"]
[Date "13.11.2014"]
[Round "6"]
[White "Leko,P"]
[Black "Gelfand,B"]
[Result "1/2-1/2"]
[WhiteElo "2731"]
[BlackElo "2759"]
[EventDate "2014.11.13"]

1. Nf3 Nf6 2. c4 g6 3. Nc3 d5 4. cxd5 Nxd5 5. g3 c5 6. Bg2 Nc6 7. O-O Bg7
8. Nxd5 Qxd5 9. d3 O-O 10. Be3 Bd7 11. Nd4 Qd6 12. Nxc6 Bxc6 13. Bxc6 Qxc6
14. Rc1 Qe6 15. Rxc5 Qxa2 16. Rb5 b6 17. Qa1 Qe6 18. Qa4 Rfc8 19. Ra1 h5
20. h4 Qd7 21. Qb3 Qg4 22. Qd1 Qd7 23. Qb3 Qg4 24. Qd1 Qd7 25. Qb3 Qg4
1/2-1/2

[Event "Memorial Tal"]
[Site "Sochi"]
[Date "13.11.2014"]
[Round "7"]
[White "Kramnik,V"]
[Black "Kosteniuk,A"]
[Result "0-1"]
[WhiteElo "2760"]
[BlackElo "2541"]
[EventDate "2014.11.13"]

1. Nf3 Nf6 2. g3 b6 3. Bg2 Bb7 4. O-O e6 5. c4 Be7 6. b3 O-O 7. Bb2 d5 8.
cxd5 Nxd5 9. d4 Nf6 10. Nc3 c5 11. dxc5 Bxc5 12. Qxd8 Rxd8 13. Ne5 Bxg2 14.
Kxg2 Nbd7 15. Nd3 Be7 16. Rfd1 Rac8 17. Rac1 a6 18. f4 b5 19. Kf3 Nb6 20.
g4 Nfd5 21. Ne4 a5 22. Bd4 Ba3 23. Rxc8 Rxc8 24. Bxb6 Nxb6 25. f5 Nd5 26.
Rd2 h5 27. fxe6 hxg4+ 28. Kxg4 fxe6 29. Ng5 Rf8 30. Nxe6 Ne3+ 31. Kh3 Rf6
32. Ndf4 Rh6+ 0-1

[Event "Memorial Tal"]
[Site "Sochi"]
[Date "13.11.2014"]
[Round "8"]
[White "Nepomniachtchi,I"]
[Black "Gelfand,B"]
[Result "1/2-1/2"]
[WhiteElo "2714"]
[BlackElo "2759"]
[EventDate "2014.11.13"]

1. e4 c5 2. Nf3 d6 3. d4 cxd4 4. Qxd4 Nc6 5. Bb5 Bd7 6. Qd3 Nf6 7. c4 Ne5
8. Nxe5 dxe5 9. Qe2 e6 10. O-O Bxb5 11. cxb5 Bc5 12. Rd1 Qb6 13. a4 O-O 14.
Bd2 Rfd8 15. Nc3 Bd4 16. Be1 Rac8 17. h3 h6 18. Rac1 Qd6 19. Na2 Qf8 20.
Ba5 Rxc1 21. Rxc1 Rc8 22. Bc3 Qd6 23. g3 Bxc3 24. Nxc3 Qb4 25. Rd1 Rc4 26.
Rd8+ Kh7 27. Rb8 Rc7 28. Rd8 Rc4 29. Rb8 Rc7 30. Rd8 Rd7 31. Rxd7 Nxd7 32.
Qf3 Kg8 33. Qd1 Qd4 34. Qe2 Nc5 35. a5 Nb3 36. a6 b6 37. Qd1 Nc5 38. Qe2
Kf8 39. Kg2 Ke7 40. Qg4 Kf8 41. Qe2 Ke7 42. Qg4 Nd3 43. Qe2 g6 44. h4 h5
45. Kf1 Nc5 46. Qe3 Kf8 47. Qh6+ Ke7 48. Qg5+ Ke8 49. Qe3 Ke7 50. Qg5+ Ke8
1/2-1/2

[Event "Memorial Tal"]
[Site "Sochi"]
[Date "13.11.2014"]
[Round "8"]
[White "Morozevich,A"]
[Black "Tomashevsky,E"]
[Result "1-0"]
[WhiteElo "2724"]
[BlackElo "2714"]
[EventDate "2014.11.13"]

1. d4 d5 2. c4 c6 3. Nc3 Nf6 4. Nf3 a6 5. a4 e6 6. a5 Be7 7. Bf4 O-O 8. e3
c5 9. cxd5 Nxd5 10. Nxd5 exd5 11. dxc5 Bxc5 12. Bd3 Bb4+ 13. Ke2 Nc6 14.
Qb3 Be6 15. Ng5 h6 16. Nxe6 fxe6 17. Bg3 Qe7 18. Ra4 Bxa5 19. Rc1 Bd8 20.
Bb1 Qd7 21. Qd3 Rf5 22. e4 Ne5 23. Qc2 Qb5+ 24. Ke1 Ba5+ 25. Rxa5 Qxa5+ 26.
Kf1 dxe4 27. Qxe4 Rd8 28. Kg1 Qd5 29. Qe2 Nc6 30. Be4 Qd2 31. Qf1 Qxb2 32.
Rb1 Qd4 33. Qe2 Rb5 34. Rf1 Qf6 35. h3 Nd4 36. Qc4 Nf5 37. Bh2 Rd4 38. Qc8+
Kh7 39. Bxb7 Rb6 40. Bxa6 Rdb4 41. Bd3 Rb3 42. Bc2 Rc3 43. Bxf5+ exf5 44.
Qe8 Rcb3 45. Qe1 R6b5 46. Bf4 Qb6 47. Be3 Qb7 48. Bc1 Rb1 49. Qc3 Qd5 50.
Qc2 Qb3 51. Qc8 Qd5 52. Qc2 Qc5 53. Qd2 Rb7 54. Qf4 Rc7 55. Be3 Rxf1+ 56.
Kxf1 Qc4+ 57. Qxc4 Rxc4 58. Ke2 g5 59. Kd3 Ra4 60. Ke2 Kg6 61. f3 h5 62.
Kf2 Ra1 1-0

[Event "Memorial Tal"]
[Site "Sochi"]
[Date "13.11.2014"]
[Round "9"]
[White "Leko,P"]
[Black "Inarkiev,E"]
[Result "1/2-1/2"]
[WhiteElo "2731"]
[BlackElo "2688"]
[EventDate "2014.11.13"]

1. Nf3 d5 2. d4 Nf6 3. c4 c6 4. Nc3 dxc4 5. a4 Bf5 6. e3 e6 7. Bxc4 Bb4 8.
O-O Nbd7 9. Qe2 Bg6 10. e4 O-O 11. Bd3 Bh5 12. e5 Nd5 13. Nxd5 cxd5 14. Qe3
Be7 15. Bd2 Nb8 16. Bc3 Nc6 17. Ne1 Bg6 18. f4 Qd7 19. g4 Bxd3 20. Nxd3 f6
21. exf6 Rxf6 22. Rae1 Nd8 23. f5 Bd6 24. Nc5 Qc7 25. fxe6 Rxf1+ 26. Rxf1
Qe7 27. Re1 Rc8 28. Qf3 b6 29. Nd3 Nxe6 30. Qxd5 Re8 31. Re2 Kh8 32. Qe4
Qd7 33. h3 Nc7 34. Qf3 Rf8 35. Qe4 Nd5 36. Kg2 Nf6 37. Qf5 Qc6+ 38. Qf3 Nd5
39. Qe4 h6 40. Kh1 Qa8 41. Bd2 Bc7 42. Kg2 Rd8 43. Kh1 Rf8 44. Ne5 Bxe5 45.
dxe5 Qd8 46. e6 Qh4 47. Kg2 Nf6 48. Qf3 Nh7 49. Qg3 Qe7 50. h4 Qb7+ 51. Kh2
Re8 52. e7 Rxe7 53. Rxe7 Qxe7 54. Bc3 Nf6 55. Bxf6 Qxf6 56. b3 Qd4 57. Kh3
a5 58. Qf3 Kh7 59. Qf5+ Kh8 60. Qc8+ Kh7 61. Qf5+ Kh8 1/2-1/2

[Event "Memorial Tal"]
[Site "Sochi"]
[Date "13.11.2014"]
[Round "10"]
[White "Nepomniachtchi,I"]
[Black "Leko,P"]
[Result "1-0"]
[WhiteElo "2714"]
[BlackElo "2731"]
[EventDate "2014.11.13"]

1. e4 e5 2. d4 exd4 3. Qxd4 Nc6 4. Qe3 g6 5. Bd2 Bg7 6. Nc3 Nf6 7. O-O-O
O-O 8. Qg3 Re8 9. f3 d6 10. Nge2 a6 11. Nf4 Ne5 12. h4 h5 13. Kb1 c6 14.
Bc1 b5 15. Nd3 Qe7 16. Bg5 Qc7 17. Be2 a5 18. Nxe5 dxe5 19. Qf2 Be6 20. Qc5
Rac8 21. Qd6 Nd7 22. Qxc7 Rxc7 23. Rd2 Bf8 24. Rhd1 Be7 25. Bxe7 Rxe7 26.
Nd5 cxd5 27. exd5 Bxd5 28. Rxd5 Nc5 29. Bxb5 e4 30. fxe4 Rxe4 31. R5d4 Re5
32. a4 Kg7 33. c3 Rf5 34. Ka2 Re7 35. R1d2 Ne4 36. Rc2 Rf4 37. c4 Rxh4 38.
c5 Rc7 39. c6 Rf4 40. Rcc4 1-0

[Event "Memorial Tal"]
[Site "Sochi"]
[Date "13.11.2014"]
[Round "10"]
[White "Morozevich,A"]
[Black "Gelfand,B"]
[Result "1-0"]
[WhiteElo "2724"]
[BlackElo "2759"]
[EventDate "2014.11.13"]

1. d4 Nf6 2. c4 g6 3. Nc3 d5 4. Nf3 Bg7 5. h4 O-O 6. cxd5 Nxd5 7. h5 Bg4 8.
hxg6 hxg6 9. Qb3 Nxc3 10. bxc3 c5 11. Qxb7 Nd7 12. e3 cxd4 13. exd4 e5 14.
Be2 Re8 15. Kf1 exd4 16. cxd4 Nc5 17. Qb5 Ne4 18. Be3 Ng3+ 19. fxg3 Rxe3
20. Rh4 Rb8 21. Qc5 Rxe2 22. Rxg4 Rbb2 23. Ne1 Rf2+ 24. Kg1 Rfd2 25. Kh2
Bxd4 26. Qc4 Kg7 27. Rc1 Be5 28. Qe4 Re2 29. Qc4 Rxa2 30. Rb1 Rad2 31. Rb7
Qf6 32. Rb3 Rxe1 33. Rf3 Bxg3+ 34. Rgxg3 Qd6 35. Qc3+ Kg8 36. Qc8+ 1-0

[Event "Memorial Tal"]
[Site "Sochi"]
[Date "13.11.2014"]
[Round "11"]
[White "Inarkiev,E"]
[Black "Nepomniachtchi,I"]
[Result "1-0"]
[WhiteElo "2688"]
[BlackElo "2714"]
[EventDate "2014.11.13"]

1. d4 f5 2. Nc3 Nf6 3. Bg5 d5 4. Bxf6 exf6 5. e3 Nc6 6. Bd3 Be6 7. a3 Bd6
8. Nce2 Ne7 9. Nf3 c6 10. Nd2 Qd7 11. b3 O-O-O 12. c4 Kb8 13. c5 Bc7 14. b4
g5 15. Rb1 f4 16. b5 fxe3 17. fxe3 Bf5 18. Qb3 cxb5 19. O-O Qe6 20. Bxf5
Nxf5 21. e4 Ne7 22. Qxb5 b6 23. cxb6 axb6 24. Rfc1 Qd6 25. g3 h5 26. Qa6
Rh7 27. Rxc7 Kxc7 28. Qa7+ Kc8 29. Rc1+ Nc6 30. Qxh7 Kb8 31. Qf5 Ne7 32.
Qf3 h4 33. Rb1 Rc8 34. Qb3 Ka7 35. exd5 hxg3 36. hxg3 Nxd5 37. Ne4 Qe6 38.
Nc5 Qxe2 39. Qxd5 Qe3+ 40. Kf1 Rc7 41. Qb3 Qxd4 42. Qa4+ Qxa4 43. Nxa4 Rc4
44. Rb4 Rc1+ 45. Kf2 Rc2+ 46. Kf3 Ra2 47. Rb3 f5 48. Nc3 Ra1 49. Nd5 Rf1+
50. Kg2 Rd1 51. Nxb6 Rd4 52. a4 Ka6 53. Rb5 Rd2+ 54. Kf3 Rd3+ 55. Kf2 f4
56. gxf4 gxf4 57. Nd5 Rd4 58. Nb4+ 1-0

[Event "Memorial Tal"]
[Site "Sochi"]
[Date "14.11.2014"]
[Round "12"]
[White "Nepomniachtchi,I"]
[Black "Inarkiev,E"]
[Result "1-0"]
[WhiteElo "2714"]
[BlackElo "2688"]
[EventDate "2014.11.13"]

1. e4 e5 2. Nf3 Nc6 3. d4 exd4 4. Nxd4 Qf6 5. Nb3 Qg6 6. f3 Bd6 7. g4 h6 8.
Nc3 a6 9. Be3 Nge7 10. Qe2 Qf6 11. O-O-O O-O 12. Kb1 Be5 13. h4 Bxc3 14. g5
Qe5 15. bxc3 h5 16. Bc1 d6 17. f4 Qxc3 18. Bb2 Qb4 19. f5 Nxf5 20. exf5
Bxf5 21. Qf2 Bg4 22. Re1 Rae8 23. Bd3 Ne5 24. Bxe5 Rxe5 25. Rxe5 dxe5 26.
Qc5 Qxc5 27. Nxc5 a5 28. Bc4 Kh7 29. Bd3+ Kg8 30. Rf1 f6 31. Ne4 f5 32. Nc5
f4 33. Be4 b6 34. Nd3 Re8 35. Re1 Kf8 36. Kc1 Re7 1-0

[Event "Memorial Tal"]
[Site "Sochi"]
[Date "14.11.2014"]
[Round "13"]
[White "Leko,P"]
[Black "Morozevich,A"]
[Result "1/2-1/2"]
[WhiteElo "2731"]
[BlackElo "2724"]
[EventDate "2014.11.13"]

1. e4 e6 2. d4 d5 3. exd5 exd5 4. Nf3 Bd6 5. Bd3 Nc6 6. c3 Bg4 7. O-O Nge7
8. Re1 Qd7 9. Nbd2 f6 10. b4 O-O 11. Nf1 Rae8 12. a4 Ng6 13. Ne3 Be6 14. g3
Nce7 15. Ra2 Nf5 16. Ng2 Bf7 17. Rae2 Rxe2 18. Rxe2 Re8 19. Bb5 c6 20. Bd3
Rxe2 21. Qxe2 Nfe7 22. a5 Be6 23. Nfh4 Nxh4 24. Nxh4 g5 25. Qh5 Nc8 26.
Bxh7+ Qxh7 27. Qe8+ Kg7 28. Qxe6 gxh4 29. Qxc8 Qb1 30. Qd7+ Kg6 31. Qe8+
Kg7 32. Qe3 h3 33. Kf1 Kf7 34. Ke2 b6 35. axb6 axb6 36. Kd1 Qf5 37. Bd2
Qb1+ 38. Bc1 Qf5 39. Ke2 Qb1 40. Kd1 1/2-1/2

[Event "Memorial Tal"]
[Site "Sochi"]
[Date "14.11.2014"]
[Round "14"]
[White "Tomashevsky,E"]
[Black "Gelfand,B"]
[Result "1-0"]
[WhiteElo "2714"]
[BlackElo "2759"]
[EventDate "2014.11.13"]

1. d4 Nf6 2. Nf3 g6 3. Bf4 Bg7 4. e3 O-O 5. h3 c5 6. c3 Qb6 7. Qb3 d6 8.
Nbd2 Be6 9. Bc4 Bxc4 10. Nxc4 Qa6 11. O-O Nc6 12. a4 Nd5 13. dxc5 Nxf4 14.
exf4 dxc5 15. Qb5 Rac8 16. Qxa6 bxa6 17. Rfd1 Rfd8 18. Kf1 Kf8 19. Nfd2 e6
20. Ne4 Rd5 21. Ne3 Rxd1+ 22. Rxd1 Nb8 23. Nc4 Ke7 24. Ke2 Nd7 25. Rd6 Bh6
26. g3 f5 27. Ned2 Nb8 28. Nf3 Rc6 29. Rd1 Bg7 30. h4 Rc7 31. h5 gxh5 32.
Rh1 Nd7 33. Rxh5 h6 34. Rh1 Nb6 35. Nfd2 Nxa4 36. Ra1 Nb6 37. Rxa6 Nd5 38.
Nf3 Bf6 39. Kd3 h5 40. Ng5 Bxg5 41. fxg5 Rd7 42. Ke2 Rb7 43. f4 h4 44. gxh4
Nxf4+ 45. Kf3 Nh5 46. Ne5 Rxb2 47. Rxa7+ Kf8 48. Ng6+ Kg8 49. Nf4 Nxf4 50.
Kxf4 Re2 51. g6 Rg2 52. h5 1-0

[Event "Memorial Tal"]
[Site "Sochi"]
[Date "14.11.2014"]
[Round "14"]
[White "Morozevich,A"]
[Black "Inarkiev,E"]
[Result "1/2-1/2"]
[WhiteElo "2724"]
[BlackElo "2688"]
[EventDate "2014.11.13"]

1. b3 e5 2. Bb2 d6 3. e3 g6 4. c4 Bg7 5. g3 c5 6. Bg2 Nc6 7. Ne2 Nge7 8.
Nbc3 Be6 9. Nd5 Bxd5 10. cxd5 Nb4 11. d4 exd4 12. exd4 O-O 13. O-O Nbxd5
14. Qd2 a5 15. Rfd1 Rc8 16. Rac1 cxd4 17. Rxc8 Qxc8 18. Rc1 Qd7 19. Qxa5 d3
20. Bxg7 Kxg7 21. Nd4 Qg4 22. f4 Rc8 23. Rxc8 Qxc8 24. Qd2 Qc3 25. Nf3 Nf5
26. Bf1 Nd4 27. Qf2 Nxf3+ 28. Qxf3 Qd4+ 29. Qf2 Ne3 30. Qd2 Nc4+ 31. Qf2
Ne3 32. Qd2 Nc4+ 33. Qf2 Ne3 34. Qd2 Nc4+ 1/2-1/2

[Event "Memorial Tal"]
[Site "Sochi"]
[Date "14.11.2014"]
[Round "15"]
[White "Nepomniachtchi,I"]
[Black "Morozevich,A"]
[Result "1/2-1/2"]
[WhiteElo "2714"]
[BlackElo "2724"]
[EventDate "2014.11.13"]

1. e4 e6 2. Qe2 c5 3. g3 Nc6 4. c3 g6 5. Bg2 Bg7 6. f4 Nge7 7. Nf3 O-O 8.
O-O d6 9. a4 Rb8 10. Na3 a6 11. Rd1 Na5 12. Nc4 Nb3 13. Ra3 Nxc1 14. Rxc1
b5 15. axb5 axb5 16. Ne3 Bb7 17. d3 Qb6 18. Kh1 Ra8 19. Rca1 1/2-1/2

[Event "Memorial Tal"]
[Site "Sochi"]
[Date "14.11.2014"]
[Round "16"]
[White "Tomashevsky,E"]
[Black "Leko,P"]
[Result "1/2-1/2"]
[WhiteElo "2714"]
[BlackElo "2731"]
[EventDate "2014.11.13"]

1. Nf3 c5 2. c4 Nf6 3. Nc3 d5 4. cxd5 Nxd5 5. e3 e6 6. d4 cxd4 7. exd4 Be7
8. Bc4 O-O 9. O-O Nxc3 10. bxc3 Qc7 11. Qe2 Nd7 12. Bd3 Qxc3 13. d5 Nc5 14.
Bc2 Bf6 15. Bg5 b6 16. Rfc1 Qxa1 17. Rxa1 Bxa1 18. Be7 Re8 19. Bxc5 bxc5
20. Ng5 g6 21. Bb3 Rb8 22. h4 Bf6 23. dxe6 Bxe6 24. Nxe6 fxe6 25. h5 Kg7
26. Bc2 Bd4 27. hxg6 h6 28. Qe4 Rf8 29. Kh2 Rxf2 30. Bb3 Rf6 31. Bxe6 Re8
32. Qb7+ Kxg6 33. Bc4 Re3 34. Qd7 Be5+ 35. g3 Rxg3 36. Kh1 Rg5 37. Bd3+
Rgf5 38. Bxf5+ Rxf5 39. Qc6+ Bf6 40. Qe8+ Kg5 41. Qe3+ Kg6 42. Qe8+ 1/2-1/2

[Event "Memorial Tal"]
[Site "Sochi"]
[Date "14.11.2014"]
[Round "17"]
[White "Inarkiev,E"]
[Black "Tomashevsky,E"]
[Result "1-0"]
[WhiteElo "2688"]
[BlackElo "2714"]
[EventDate "2014.11.13"]

1. e4 c6 2. d4 d5 3. Nc3 dxe4 4. Nxe4 Nf6 5. Nxf6+ exf6 6. c3 Bd6 7. Bd3
O-O 8. Ne2 Re8 9. O-O Nd7 10. Bf4 Nf8 11. Qd2 Ng6 12. Bxd6 Qxd6 13. Rfe1
Be6 14. Ng3 b6 15. Qc2 c5 16. Ne4 Qc7 17. dxc5 bxc5 18. Ng3 Rab8 19. c4 a5
20. Rad1 Red8 21. Be4 Rxd1 22. Rxd1 Qe5 23. b3 Kh8 24. Qd2 h5 25. Bxg6 1-0

[Event "Memorial Tal"]
[Site "Sochi"]
[Date "14.11.2014"]
[Round "18"]
[White "Tomashevsky,E"]
[Black "Nepomniachtchi,I"]
[Result "1/2-1/2"]
[WhiteElo "2714"]
[BlackElo "2714"]
[EventDate "2014.11.13"]

1. d4 Nf6 2. Nf3 g6 3. Bf4 Bg7 4. e3 O-O 5. h3 b6 6. c4 Bb7 7. Nc3 d5 8.
Rc1 c5 9. dxc5 bxc5 10. cxd5 Nxd5 11. Be5 Nf6 12. Qxd8 Rxd8 13. Bb5 Nc6 14.
Bxf6 Bxf6 15. Na4 Ne5 16. Nxe5 Bxe5 17. O-O Rab8 18. Bc4 Bc6 19. Nxc5 Bxb2
20. Rcd1 Be5 21. Rxd8+ Rxd8 22. Rb1 Kg7 23. Rc1 Bd6 24. Nb3 Bd7 25. Bd5 Rc8
26. Rd1 h5 27. Nd4 Rc5 28. Bb3 a5 29. a4 Rc3 30. Rb1 Be5 31. Nb5 Rc5 32.
Rd1 Bxb5 33. axb5 Rxb5 34. Rd5 Rxd5 35. Bxd5 h4 36. Kf1 a4 37. Ke2 a3 38.
Bc4 Kf6 39. Bb3 Bd6 40. Kd3 e6 41. f3 Ke5 42. Ba2 g5 43. Bb3 Bc5 44. Ba2
Kd6 45. Bb3 Bb6 46. Ba2 Kc5 47. Bb3 Kb4 48. Ba2 Ba7 49. Kd2 Kc5 50. Kd3 Kd6
51. Kd2 Bb6 52. Kd3 Ba5 53. Kc4 Ke5 54. Kd3 Bb6 55. Bb3 f5 56. Ba2 f4 57.
e4 Kd6 58. Kc4 Be3 59. Bb3 Kc6 60. Kb4 e5 61. Kc4 1/2-1/2

[Event "Memorial Tal"]
[Site "Sochi"]
[Date "14.11.2014"]
[Round "18"]
[White "Gelfand,B"]
[Black "Leko,P"]
[Result "1/2-1/2"]
[WhiteElo "2759"]
[BlackElo "2731"]
[EventDate "2014.11.13"]

1. d4 Nf6 2. c4 e6 3. Nf3 d5 4. e3 Be7 5. b3 O-O 6. Bb2 c5 7. dxc5 Bxc5 8.
Nc3 dxc4 9. Bxc4 b6 10. O-O Bb7 11. Qe2 a6 12. Rad1 Qe7 13. e4 b5 14. Bd3
Nh5 15. g3 b4 16. Na4 Ba7 17. e5 Nc6 18. Be4 Rfc8 19. Nd4 g6 20. Nxc6 Bxc6
21. Bd4 Ng7 22. Bxa7 Rxa7 23. Nb6 Rb8 24. Nc4 Bb5 25. Qe3 Bxc4 26. bxc4 Rc7
27. Rd6 Rxc4 28. Rxa6 Qc5 29. Qxc5 Rxc5 30. f4 Nf5 31. Bxf5 gxf5 32. Rf2
Kg7 33. Ra7 b3 34. axb3 1/2-1/2

[Event "Memorial Tal"]
[Site "Sochi"]
[Date "14.11.2014"]
[Round "20"]
[White "Gelfand,B"]
[Black "Nepomniachtchi,I"]
[Result "1/2-1/2"]
[WhiteElo "2759"]
[BlackElo "2714"]
[EventDate "2014.11.13"]

1. d4 f5 2. Nc3 Nf6 3. Bg5 d5 4. e3 Be6 5. Nf3 Nbd7 6. Bd3 c6 7. O-O g6 8.
Ne2 Bg7 9. Rc1 Ne4 10. c4 h6 11. Bf4 O-O 12. Be5 Nxe5 13. dxe5 dxc4 14.
Bxc4 Bxc4 15. Rxc4 Qxd1 16. Rxd1 Rfd8 17. Rcd4 Rxd4 18. exd4 Rd8 19. Kf1 g5
20. Ke1 Kf7 21. Nd2 Nxd2 22. Rxd2 h5 23. Rc2 e6 24. Rc4 Bf8 25. f4 g4 26.
Kf2 h4 27. Ke3 Ke8 28. Nc1 c5 29. dxc5 Rd1 30. Nd3 Rh1 31. Kf2 Rxh2 32. Kg1
g3 33. c6 bxc6 34. Rxc6 h3 35. gxh3 Kd7 36. Ra6 Rd2 37. Rxa7+ Ke8 38. Ra8+
Kf7 39. Ra7+ Kg6 40. Rd7 Kh5 41. a3 Bh6 42. b4 Kh4 43. Rh7 Kh5 44. Rd7 Kh4
45. Rh7 Kh5 1/2-1/2

[Event "Memorial Tal"]
[Site "Sochi"]
[Date "14.11.2014"]
[Round "20"]
[White "Tomashevsky,E"]
[Black "Morozevich,A"]
[Result "1/2-1/2"]
[WhiteElo "2714"]
[BlackElo "2724"]
[EventDate "2014.11.13"]

1. d4 d5 2. Nf3 Nf6 3. c4 c6 4. Nc3 a6 5. c5 g6 6. Bf4 Bg7 7. h3 O-O 8. e3
Nbd7 9. Bh2 Ne4 10. Bd3 f5 11. O-O h6 12. Rc1 Kh7 13. b4 Qe8 14. Ne2 e5 15.
Nxe5 Nxe5 16. Bxe5 Bxe5 17. dxe5 Qxe5 18. f3 Nf6 19. Qd2 Bd7 20. Rc3 Rae8
21. Bc2 Re7 22. Nd4 Rfe8 23. Qf2 a5 24. a3 axb4 25. axb4 Ra8 26. Bb1 Ra4
27. Rb3 Nh5 28. Rd1 Ng7 29. b5 Rc4 30. bxc6 Bxc6 31. g4 Ba4 32. f4 Qc7 33.
gxf5 Rxd4 34. Rxd4 Bxb3 35. f6 Rf7 36. fxg7 Rxg7 37. f5 gxf5+ 38. Kh1 Rg5
39. Bxf5+ Kg7 40. Bg4 Qxc5 41. Qb2 Kg6 42. Qxb3 h5 43. Qd3+ Kh6 44. Bd1 Qc8
45. Qf1 Qe6 46. Rf4 Qxe3 47. Rf6+ Rg6 48. Rxg6+ Kxg6 49. Bc2+ Kg7 50. Qg2+
Kf6 51. Qf1+ Ke7 52. Qf5 Qc1+ 53. Kg2 Qd2+ 54. Kg3 Qe1+ 55. Kf4 Qf2+ 56.
Ke5 Qxf5+ 1/2-1/2

[Event "Memorial Tal"]
[Site "Sochi"]
[Date "14.11.2014"]
[Round "21"]
[White "Inarkiev,E"]
[Black "Leko,P"]
[Result "1/2-1/2"]
[WhiteElo "2688"]
[BlackElo "2731"]
[EventDate "2014.11.13"]

1. d4 Nf6 2. c4 e6 3. Nf3 b6 4. g3 Ba6 5. b3 Bb4+ 6. Bd2 Be7 7. Nc3 O-O 8.
e4 d5 9. cxd5 Bxf1 10. Kxf1 exd5 11. e5 Ne4 12. Kg2 Qd7 13. Re1 Nxc3 14.
Bxc3 Nc6 15. Nd2 Nd8 16. Nf1 f5 17. exf6 Bxf6 18. Ne3 Nf7 19. Qh5 c6 20.
Ng4 Nd6 21. Re2 Ne4 22. Bb2 g6 23. Qh3 Qg7 24. f3 Ng5 25. Qh6 Nxf3 26. Rf1
Qxh6 27. Nxh6+ Kg7 28. Rxf3 Kxh6 29. Re6 Kg7 30. Rxc6 Rad8 31. Rc7+ Rf7 32.
Rxf7+ Kxf7 33. Rc3 Ke6 34. Rc7 Rd7 35. Rc6+ Rd6 36. Rc7 Rd7 37. Rc6+
1/2-1/2

[Event "Memorial Tal"]
[Site "Sochi"]
[Date "14.11.2014"]
[Round "22"]
[White "Leko,P"]
[Black "Nepomniachtchi,I"]
[Result "1/2-1/2"]
[WhiteElo "2731"]
[BlackElo "2714"]
[EventDate "2014.11.13"]

1. e4 g6 2. d4 Nf6 3. e5 Nh5 4. Be2 d6 5. exd6 Qxd6 6. Bf3 Nc6 7. Ne2 e5 8.
d5 Ne7 9. O-O Bg7 10. c4 O-O 11. Nbc3 Nf6 12. Ng3 Nf5 13. Nxf5 Bxf5 14. Be3
Rfe8 15. h3 h5 16. Qd2 e4 17. Be2 Qd7 18. Rfd1 a6 19. c5 Rad8 20. Bg5 Re5
21. Bf4 Rxd5 22. Nxd5 Nxd5 23. Bg5 f6 24. Be3 c6 25. Bf4 Kh7 26. Bc4 Qe8
27. Bxd5 Rxd5 28. Qe3 Qd7 29. Rxd5 cxd5 30. Rd1 Be6 31. Qd2 g5 32. Be3 h4
33. b4 Qe8 34. Rf1 Qg6 35. f4 exf3 36. Rxf3 Bf5 37. Qxd5 Be4 38. Qd1 Bxf3
39. Qxf3 Qb1+ 40. Kh2 Qxb4 41. Qh5+ Kg8 42. Qe8+ Kh7 1/2-1/2